000 00577nam a2200229Ia 4500
003 OSt
005 20221005123256.0
006 a|||||r|||| 00| 0
007 ta
008 221004b |||||||| |||| 00| 0 tam d
024 _a51740
037 _cTextual
040 _aCRL
_cCRL
_btam
041 _2tam
_atam
082 _aU8.4498.N8, 31M3
100 _aKuppusamy Au.
_9632283
245 0 _aKuttith theevai ethip parthen
260 _c1983
650 _aTRAVEL
942 _hU8.4498.N8, 31M3
_cTEXL
_2cc
999 _c1046906
_d1046906